000
00332nam a22001457a 4500
008
230912b ||||| |||| 00| 0 eng d
020
_a
0521384281
041
_a
eng
080
_2
1989
_a
521
082
_a
521ASH
100
_a
19
101
_a
ASTRO
245
_a
GENERAL RELATIVITY & GRAVITATION 1989
_c
ASHBY.N
942
_2
udc
_c
BK
999
_c
60337
_d
60337